Lesiones deportivas: una guía práctica para la prevención y el autocuidado

Gespeichert in:
Bibliographische Detailangaben
1. Verfasser: Grisogono, Vivian (autor)
Format: Buch
Sprache:Spanisch
Veröffentlicht: Madrid, España Eyras 1988
Schlagworte:
Tags: Tag hinzufügen
Keine Tags, Fügen Sie den ersten Tag hinzu!

MARC

LEADER 00000nam a2200000 a 4500
001 UCW6696
003 CL-VaPUC
005 20210513135104.0
008 920427e19880000SP |||||||||||||||||spa|d
999 |c 219665  |d 219663 
040 |c Pontificia Universidad Católica de Valparaíso 
082 0 4 |a 617.1027 GRI 1988  |2 21 
100 0 |a Grisogono, Vivian  |e autor  |9 311728 
245 1 0 |a Lesiones deportivas: una guía práctica para la prevención y el autocuidado 
260 0 3 |a Madrid, España  |b Eyras  |c 1988 
300 |a 289 páginas 
583 |a last modification  |c 19920427 00:00:00  |k Rodrigo Vera 
650 0 |a Accidentes deportivos  |9 309567 
650 0 |a Medicina deportiva  |9 307562 
942 |c BK  |2 ddc 
945 |d 19920427 00:00:00 
952 |0 0  |1 0  |2 ddc  |4 0  |6 617_102700000000000_GRI_1988  |7 0  |8 P  |9 210869  |a BIBEDU  |b BIBEDU  |c BIBEDU_PB  |d 2019-11-15  |i 2790939  |o 617.1027 GRI 1988  |p 2790939  |r 2024-01-25  |t 1  |w 2019-11-15  |y BK  |k EDU